Terraria Yoyos Quiz - Statistics

General Stats
  • This quiz has been taken 20 times
  • The average score is 11 of 21
Answer Stats
Answer % Correct
Terrarian
92%
Wooden Yoyo
92%
Code 1
77%
Code 2
77%
Amarok
62%
Amazon
62%
Kraken
62%
The Eye of Cthulhu
62%
Valor
62%
Cascade
54%
Hel-Fire
54%
Rally
54%
Yelets
54%
Artery
46%
Malaise
46%
Chik
38%
Format:C
31%
Gradient
31%
Red's Throw
31%
Valkyrie Yoyo
23%
Hive Five
8%
No matching quizzes found
Score Distribution
Percent of People with Each Score
Percentile by Number Answered
Your Score History
You have not taken this quiz